| 000 | 00814nam1a22002171i 4500 | ||
|---|---|---|---|
| 001 | rc\4277123 | ||
| 005 | 20260407045218.0 | ||
| 035 | _a(NLR Aleph) 008243240 | ||
| 090 |
_a8290763 _c8290763 |
||
| 100 | _a20130416d1959 |||y0rusy50 ca | ||
| 101 | 0 | _arus | |
| 102 | _aRU | ||
| 105 | _a z ||||| | ||
| 200 | 1 |
_aАльбом типовых проектов мостов на военно-автомобильных дорогах _f[Сост. ин-том "Союздорпроект"] _gМ-во обороны СССР. Раздел 2 |
|
| 210 |
_aМосква _cВоениздат _d1959 |
||
| 215 | _d27х42 | ||
| 712 | 0 | 2 |
_a"Союздорпроект", институт _cМосква _3RU\NLR\AUTH\8810018053 _9533958 |
| 801 | 0 |
_aRU _bNLR _gpsbo |
|
| 801 | 1 |
_aRU _bELAR _2rusmarc |
|
| 852 |
_aNLR _j60-10/163 |
||
| 942 | _cBOOK | ||